| 000 | 01367nam a2200337 i 4500 | ||
|---|---|---|---|
| 001 | 000038685 | ||
| 003 | DO-SdBNP | ||
| 005 | 20231129084901.0 | ||
| 007 | ta | ||
| 008 | 130418s2002 dr ac 000 0 spa d | ||
| 020 | _a9993490016 | ||
| 040 |
_aDO-SdBNP _bspa _cBNPHU _erda |
||
| 082 | 4 |
_a333.7097293 _bR173j _222 |
|
| 100 | 1 |
_aRamírez, Salvador, _965000 _eautor |
|
| 245 | 1 | 0 |
_aJoaquín Balaguer y el medio ambiente : _b1966-1978-1996 -1996 / _cSalvador Ramírez ; prólogo, Ramón Pérez Martínez ; presentación, José Nicolas Almanzar García |
| 260 |
_aSanto Domingo : _bEditora Diálogo. |
||
| 264 |
_aSanto Domingo : _bInstituto de Formación Política, _c2002. |
||
| 300 |
_a238 páginas : _bilustraciones ; _c24 cm. |
||
| 336 |
_2rdacontent _atexto _btxt |
||
| 337 |
_2rdamedia _asin mediación _bn |
||
| 338 |
_2rdacarrier _avolumen _bnc |
||
| 590 | _aInventariado, 2019/MFF | ||
| 650 | 4 |
_aMedio ambiente _zRepública Dominicana _97278 |
|
| 650 | 4 |
_aPolítica ambiental _zRepública Dominicana _910809 |
|
| 651 | 4 |
_aRepública Dominicana _xPolítica y gobierno _y1966-1978 _965001 |
|
| 651 | 4 |
_aRepública Dominicana _xPolítica y gobierno _y1986-1996 _965002 |
|
| 700 | 1 |
_aPérez Martínez, Ramón, _eprólogo _958433 |
|
| 700 | 1 |
_aAlmanzar García, José Nicolas, _epresentación _93006 |
|
| 910 | _aValidado. Control de calidad MFF | ||
| 942 |
_2ddc _cLBS1 |
||
| 999 |
_c38175 _d38175 |
||